| 000 | 00490nam a2200181Ia 4500 | ||
|---|---|---|---|
| 005 | 20250326124850.0 | ||
| 008 | 250326s9999 xx 000 0 und d | ||
| 037 | _aTextbook | ||
| 040 |
_aFMSL _beng _cFMSL |
||
| 041 |
_aeng _2eng |
||
| 084 |
_aX:8D.1 M3 _qFMSL |
||
| 100 |
_aAuerbach R D _9738137 |
||
| 245 | 0 |
_aFicial markets and institutions _cAuerbach R D |
|
| 260 |
_aNY _bNY, Macmillan _c1983 |
||
| 300 | _a577p | ||
| 942 |
_cTB _hX:8D.1 M3 |
||
| 999 |
_c1275561 _d1275561 |
||